Civilization V: Leaders - Statistics

General Stats
  • This quiz has been taken 24 times
  • The average score is 28 of 43
Answer Stats
Civilization Leader % Correct
England Elizabeth I
94%
France Napoleon Bonaparte
94%
Greece Alexander the Great
89%
United States George Washington
89%
Portugal Maria I
89%
India Mohandas Gandhi
89%
Hun Attila
83%
Rome Augustus Caesar
83%
Russia Catherine the Great
83%
Aztec Montezuma I
83%
Egypt Ramesses II
83%
Germany Otto von Bismarck
78%
Brazil Pedro II
78%
Celt Boudicca
72%
Carthage Dido
72%
Mongolia Genghis Khan
72%
Denmark Harald Bluetooth
72%
Zulu Shaka Zulu
72%
Byzantium Theodora
72%
Spain Isabella I of Castille
67%
Japan Oda Nobunaga
67%
Persia Darius I
61%
Venice Enrico Dandolo
61%
Ethiopia Haile Selassie
61%
Arabia Harun al-Rashid
61%
Ottoman Suleiman I
61%
Netherlands William of Orange
61%
Songhai Askia Mohammad I
56%
Polynesia Kamehameha I
56%
Austria Maria Theresa
56%
Babylonia Nebuchadnezzar II
56%
China Wu Zetian
56%
Assyria Ashurbanipal
50%
Sweden Gustavus Adolphus
50%
Iroquois Hiawatha
50%
Inca Pachacuti
50%
Shoshone Pocatello
50%
Korea Sejong the Great
50%
Poland Casimir III the Great
44%
Indonesia Gajah Mada
39%
Morocco Ahmad al-Mansur
28%
Maya Pacal
28%
Siam Ramkhamhaeng
28%
No matching quizzes found
Score Distribution
Percent of People with Each Score
Percentile by Number Answered
Your Score History
You have not taken this quiz